| 000 | 00619nam a2200253Ia 4500 | ||
|---|---|---|---|
| 003 | EC-GqESP | ||
| 005 | 20251106112005.0 | ||
| 008 | 250425s9999 xx 000 0 und d | ||
| 010 | _a100710 | ||
| 020 | _a9781285866390 | ||
| 041 | _aeng | ||
| 082 |
_a658.3 _pSNE |
||
| 100 | _aSNELL, SCOTT A. | ||
| 245 | 0 | _aMANAGING HUMAN RESOURCES | |
| 250 | _a17TH ED. | ||
| 260 | _aBOSTON | ||
| 260 |
_aEstados Unidos _bCENGAGE LEARNING _c2016 |
||
| 300 | _a706 | ||
| 650 | _aGESTION DE PERSONAL | ||
| 650 | _aGESTION DE PERSONAL | ||
| 650 | _aGESTION DE PERSONAL | ||
| 650 | _aGESTION DE PERSONAL | ||
| 942 | _c01 | ||
| 999 |
_c234827 _d234827 |
||